000 00322nam a22001337a 4500
008 181219b xxu||||| |||| 00| 0 eng d
020 _a0517605260
041 _aeng
080 _a371
100 _a46
101 _aEDU
245 _aA Manual of Style A Guide to the Basics of Good Writing
_cHines,R.E
942 _2udc
_cBK
999 _c53489
_d53489